Statistics for Municipalities of Montenegro with a Map

Click here to take the quiz!

General Stats

  • This quiz has been taken 3,134 times
  • The average score is 15 of 24

Answers on the Map

Answers color-coded by a green-red scale on the quiz's map according to % correct below.
 

Answer Stats

Municipality% Correct
Podgorica
97%
Bar
86%
Kotor
84%
Budva
76%
Cetinje
75%
Nikšić
74%
Herceg Novi
73%
Ulcinj
72%
Tivat
70%
Bijelo Polje
63%
Danilovgrad
62%
Pljevlja
61%
Berane
60%
Plav
60%
Tuzi
59%
Žabljak
57%
Andrijevica
55%
Gusinje
55%
Kolašin
55%
Rožaje
55%
Mojkovac
51%
Plužine
49%
Šavnik
48%
Petnjica
41%

Score Distribution

Percentile by Number Answered

Percent of People with Each Score

Your Score History

You have not taken this quiz